008060000a22001930004500090001400000245010500014650003000119650003400149650002800183650002600211651001800237651002100255041001300276100003300289942001300322773010200335999001700437952015800454 aARb0146210aComparative ecology of rain forest mammals in Africa and tropical America: some introductory remarks14aRiqueza de especies9332614aEcología comparativa99479914aBosques lluviosos9852414aDistribución992865 4pAfrica992749 4pAmérica9927490 aInglés1 aBourliére, Francois994800 cARTICULO1 tTropical Forest Ecosystems in Africa and South America: a comparative review3522q279-292d1973? c10546d10546 001040718HEMEROTECAaBogotabBogotad2015-02-27hFuera de circulaciónl0oAR 01462p011819r2015-03-25 00:00:00t1w2015-03-25xDonaciónyARTICULO